00986cam a22002655a 4500001000800000005001700008008004100025020001500066020002200081040003100103082001900134245008900153260003000242300003200272504005300304650004200357650004300399650004700442653002800489700003500517700004400552942000800596999001700604952009900621478255420180319133812.0860411s1982 enka frb 001 0 eng d a0582300622 a0582300649 (pbk.) aMHcMHdDLCdEG-ScBUEbeng04222a307.3bCON00aConflict, politics, and the urban scene /cedited by Kevin R. Cox and R.J. Johnston. aLondon :bLongman,c1982. av, 265 p. :bill. ;c24 cm. aIncludes bibliographical references and indexes. 7aLand use, UrbanxCase studies.2BUEsh 7aCities and townsxCase studies.2BUEsh 7aMunicipal governmentxCase studies.2BUEsh bGGENbBUSBOLcMarch20181 aCox, Kevin R.,d1939-eeditor.1 aJohnston, R. J.q(Ronald John)eeditor. 2ddc c26345d26317 00102ddc4070aMAINbMAINc1STd2018-03-19l0o307.3 CONp000047446r2025-07-15 00:00:00yBB